Nghệ thuật múa rối cổ truyền xứ Đoài

Trình bày nguồn gốc, xuất xứ, đặc trưng của nghệ thuật múa rối; giới thiệu về ông tổ nghề rối và những phường rối Xứ Đoài; giá trị của rối cổ truyền, bảo tồn và phát huy di sản văn hoá vật thể và phi vật thể rối cổ truyền Xứ Đoài...

Ful tanımlama

Kaydedildi:
Detaylı Bibliyografya
Yazar: Văn Học
Diğer Yazarlar: Yên Giang, Hồ Sĩ Tá, Đào H
Materyal Türü: Kitap
Dil:Vietnamese
Baskı/Yayın Bilgisi: H. Mỹ thuật 2016
Konular:
Etiketler: Etiketle
Etiket eklenmemiş, İlk siz ekleyin!
Thư viện lưu trữ: Mạng thư viện Đại học Đà Nẵng
LEADER 01633nam a2200397 4500
001 000025074
003 21565
005 20170508100541.0
008 170428s2016 viesd
041 0 |a vie 
082 1 4 |a 791.5309597  |b VĂ-H 
100 1 |a Văn Học 
245 1 0 |a Nghệ thuật múa rối cổ truyền xứ Đoài  |c Văn Học (ch.b.), Yên Giang, Hồ Sĩ Tá... 
260 |a H.  |b Mỹ thuật  |c 2016 
300 |a 278 tr.  |c 21 cm. 
500 |a ĐTTS ghi: Hội Văn nghệ dân gian Việt Nam 
504 |a Thư mục: tr. 269-272 
520 3 |a Trình bày nguồn gốc, xuất xứ, đặc trưng của nghệ thuật múa rối; giới thiệu về ông tổ nghề rối và những phường rối Xứ Đoài; giá trị của rối cổ truyền, bảo tồn và phát huy di sản văn hoá vật thể và phi vật thể rối cổ truyền Xứ Đoài 
650 0 4 |a Múa rối  |x Văn hóa dân gian  |z Hà Nội (Việt Nam) 
653 |a Nghệ thuật truyền thống 
653 |a Hà Nội 
653 |a Xứ Đoài 
653 |a Múa rối 
700 1 |a Yên Giang 
700 1 |a Hồ Sĩ Tá 
700 1 |a Đào Hà 
OWN |a LSP 
AVA |a UDN50  |b LSP  |d 791.5309597 VĂ-H  |e available  |t Error 5001 Not defined in file expand_doc_bib_avail.  |f 1  |g 0  |h N  |i 0  |k 1 
999 |a From the UDN01 
AVA |a UDN50  |b LSP  |d 791.5309597 VĂ-H  |e available  |t Error 5001 Not defined in file expand_doc_bib_avail.  |f 1  |g 0  |h N  |i 0  |k 1 
TYP |a Monograph 
TYP |a Printed language 
980 |a Mạng thư viện Đại học Đà Nẵng